[Event "ETCC Open 2023"]
[Site "Budva"]
[Date "2023.11.17"]
[Round "6.49"]
[White "Laurusas, Tomas"]
[Black "Dragnev, Valentin"]
[Result "1/2-1/2"]
[WhiteElo "2566"]
[BlackElo "2589"]
[Annotator "RC"]
[PlyCount "66"]
[EventDate "2023.11.10"]
[EventType "team-tourn"]
[EventCountry "MNE"]
[SourceTitle "playchess.com"]
[Source "ChessBase"]
[SourceQuality "1"]
[WhiteTeam "Lithuania"]
[BlackTeam "Austria"]
[WhiteTeamCountry "LTU"]
[BlackTeamCountry "AUT"]

1. d4 d5 2. c4 e6 3. Nf3 Nf6 4. Nc3 c5 5. cxd5 cxd4 6. Qxd4 exd5 7. e4 dxe4 8. Qxd8+ Kxd8 9. Ng5 Be6 10. Nxe6+ fxe6 11. Bg5 Nc6 12. O-O-O+ Ke8 13. Bc4 Ne5 14. Be2 Bb4 15. Bxf6 gxf6 16. Nxe4 f5 17. Ng5 Ke7 18. f4 Ng6 19. g3 h6 20. Nf3 Rhd8 21. Kc2 Kf6 22. Bc4 Ba5 23. a3 Rxd1 24. Rxd1 Rd8 25. Rf1 Rc8 26. Kd3 Rd8+ 27. Kc2 Rc8 28. Kb3 Rd8 29. Rf2 Bc7 30. Kc2 Rc8 31. Kb3 Rd8 32. Kc2 Rc8 33. Kb3 Rd8 1/2-1/2

[Event "ETCC Open 2023"]
[Site "Budva"]
[Date "2023.11.17"]
[Round "6.50"]
[White "Ragger, Markus"]
[Black "Kazakouski, Valery"]
[Result "0-1"]
[WhiteElo "2615"]
[BlackElo "2577"]
[Annotator "TA"]
[PlyCount "116"]
[EventDate "2023.11.10"]
[EventType "team-tourn"]
[EventCountry "MNE"]
[SourceTitle "playchess.com"]
[Source "ChessBase"]
[SourceQuality "1"]
[WhiteTeam "Austria"]
[BlackTeam "Lithuania"]
[WhiteTeamCountry "AUT"]
[BlackTeamCountry "LTU"]

1. d4 Nf6 2. c4 c6 3. Nf3 d5 4. e3 Bg4 5. Qb3 Qb6 6. Ne5 Be6 7. cxd5 Bxd5 8. Qc2 Be4 9. Qd1 Nbd7 10. Nc3 Bg6 11. Nxg6 hxg6 12. Be2 e5 13. dxe5 Nxe5 14. O-O Rd8 15. Qc2 Be7 16. h3 g5 17. e4 g4 18. Bf4 Qc7 19. Bg3 gxh3 20. Rfd1 Rxd1+ 21. Rxd1 hxg2 22. Kxg2 Qc8 23. Rh1 Rxh1 24. Kxh1 Qh3+ 25. Kg1 Qe6 26. Qd2 Nfd7 27. Kg2 g5 28. Qe3 b6 29. Bd1 Ng6 30. Bb3 Qf6 31. Ba4 b5 32. Bd1 Bc5 33. Qf3 Nf4+ 34. Bxf4 gxf4 35. Qg4 Ke7 36. Ne2 Qxb2 37. Qxf4 Qxa2 38. Ng3 f6 39. Nf5+ Kd8 40. Qg3 Ne5 41. Ng7 Qc4 42. Qh4 Qf7 43. Qh8+ Bf8 44. Ne6+ Qxe6 45. Qxf8+ Kc7 46. Qa8 Qa2 47. Qf8 Qf7 48. Qa8 Kb6 49. Qb8+ Kc5 50. f4 Nc4 51. Kf2 Nd6 52. Bf3 Qe7 53. Kg3 a5 54. Qa8 a4 55. Qa5 Nc4 56. Qc3 Qd6 57. Qa1 Qd4 58. Qh1 a3 0-1

[Event "ETCC Open 2023"]
[Site "Budva"]
[Date "2023.11.17"]
[Round "6.51"]
[White "Pultinevicius, Paulius"]
[Black "Horvath, Dominik"]
[Result "1-0"]
[WhiteElo "2589"]
[BlackElo "2549"]
[Annotator "RC"]
[PlyCount "77"]
[EventDate "2023.11.10"]
[EventType "team-tourn"]
[EventCountry "MNE"]
[SourceTitle "playchess.com"]
[Source "ChessBase"]
[SourceQuality "1"]
[WhiteTeam "Lithuania"]
[BlackTeam "Austria"]
[WhiteTeamCountry "LTU"]
[BlackTeamCountry "AUT"]

1. c4 Nf6 2. Nc3 c5 3. g3 Nc6 4. Bg2 e6 5. Nf3 d5 6. cxd5 exd5 7. d4 cxd4 8. Nxd4 Bc5 9. Nxc6 bxc6 10. O-O O-O 11. Qa4 Bd7 12. Bg5 Re8 13. Rad1 Rb8 14. Rd2 Rb4 15. Qc2 Be7 16. a3 Rc4 17. Rfd1 Qb6 18. Be3 Bc5 19. Bxc5 Qxc5 20. e3 Ng4 21. Bxd5 cxd5 22. Rxd5 Qc6 23. Rxd7 Ne5 24. R7d6 Nf3+ 25. Kh1 Qc8 26. Qe2 Qg4 27. Rd8 Rc8 28. Rxe8+ Rxe8 29. Qb5 Rf8 30. Qd5 h6 31. Qe4 Qh5 32. h4 f5 33. Qd5+ Rf7 34. Kg2 Nxh4+ 35. gxh4 Qg4+ 36. Kf1 f4 37. Qa8+ Kh7 38. Qe4+ g6 39. Qe8 1-0

[Event "ETCC Open 2023"]
[Site "Budva"]
[Date "2023.11.17"]
[Round "6.52"]
[White "Blohberger, Felix"]
[Black "Klabis, Rokas"]
[Result "1-0"]
[WhiteElo "2513"]
[BlackElo "2412"]
[Annotator "RC"]
[PlyCount "127"]
[EventDate "2023.11.10"]
[EventType "team-tourn"]
[EventCountry "MNE"]
[SourceTitle "playchess.com"]
[Source "ChessBase"]
[SourceQuality "1"]
[WhiteTeam "Austria"]
[BlackTeam "Lithuania"]
[WhiteTeamCountry "AUT"]
[BlackTeamCountry "LTU"]

1. Nf3 Nf6 2. c4 e6 3. g3 d5 4. Bg2 Be7 5. O-O O-O 6. d4 dxc4 7. Qc2 a6 8. a4 Bd7 9. Qxc4 Bc6 10. Bg5 Nbd7 11. Nc3 a5 12. Rfd1 h6 13. Bxf6 Nxf6 14. e3 Bb4 15. Ne5 Bxg2 16. Kxg2 c6 17. Rac1 Qe7 18. Ne2 Rfd8 19. Nf4 c5 20. dxc5 Rxd1 21. Rxd1 Qxc5 22. Nfd3 Qxc4 23. Nxc4 Rd8 24. Kf3 Kf8 25. Ke2 Rc8 26. Rc1 Nd7 27. g4 Ke7 28. h4 Rc6 29. h5 e5 30. f3 f6 31. b3 Kd8 32. Rd1 Ke7 33. e4 Nf8 34. Ne3 Kf7 35. Nxb4 axb4 36. Nf5 Rc2+ 37. Rd2 Rc3 38. Rd3 Ne6 39. Rxc3 bxc3 40. Kd3 g6 41. Nd6+ Ke7 42. Nxb7 gxh5 43. gxh5 Nf4+ 44. Kxc3 Nxh5 45. a5 Ng7 46. a6 Ne8 47. b4 Nc7 48. Nc5 h5 49. Kd3 Kd6 50. a7 Na8 51. Ke3 Kc6 52. Kf2 Kb6 53. Nd7+ Kxa7 54. Nxf6 Nb6 55. Nxh5 Ka6 56. Nf6 Kb5 57. Nd5 Nc4 58. Kg3 Nd2 59. Kg4 Kc4 60. Ne7 Kxb4 61. Nc6+ Kc5 62. Nxe5 Kd6 63. Nd3 Ke6 64. Kg3 1-0

[Event "ETCC Open 2023"]
[Site "Budva"]
[Date "2023.11.17"]
[Round "6.53"]
[White "Anton Guijarro, David"]
[Black "Gretarsson, Hjorvar Steinn"]
[Result "1/2-1/2"]
[WhiteElo "2668"]
[BlackElo "2518"]
[Annotator "TA"]
[PlyCount "174"]
[EventDate "2023.11.10"]
[EventType "team-tourn"]
[EventCountry "MNE"]
[SourceTitle "playchess.com"]
[Source "ChessBase"]
[SourceQuality "1"]
[WhiteTeam "Spain"]
[BlackTeam "Iceland"]
[WhiteTeamCountry "ESP"]
[BlackTeamCountry "ISL"]

1. c4 Nf6 2. Nc3 e5 3. Nf3 Nc6 4. d3 d5 5. cxd5 Nxd5 6. g3 Nb6 7. Bg2 Be7 8. O-O O-O 9. a3 Be6 10. Be3 f6 11. Rc1 Nd4 12. Bxd4 exd4 13. Ne4 f5 14. Nc5 Bxc5 15. Rxc5 Qd6 16. b4 c6 17. Re1 Nd7 18. Rc1 Rad8 19. Qa4 a6 20. Ng5 Rde8 21. Nxe6 Qxe6 22. e3 dxe3 23. Rxe3 Qf7 24. Rxe8 Rxe8 25. d4 f4 26. Qd1 Nf6 27. Qd2 fxg3 28. hxg3 Qb3 29. Re1 Rxe1+ 30. Qxe1 Kf7 31. Bh3 h5 32. Bc8 b6 33. Bxa6 Qxa3 34. Bc4+ Kf8 35. Qe6 Qa7 36. Qd6+ Qe7 37. Qb8+ Qe8 38. Qxb6 Qe1+ 39. Bf1 Ng4 40. Qb8+ Kf7 41. Qf4+ Kg8 42. Qf5 Nf6 43. Qc8+ Kf7 44. Qxc6 Qxb4 45. d5 h4 46. Qc7+ Kf8 47. Qc8+ Ke7 48. Qc7+ Kf8 49. gxh4 Qxh4 50. Qd6+ Kf7 51. Qe6+ Kf8 52. Bg2 Qf4 53. Qc8+ Kf7 54. Qb7+ Kf8 55. Qa8+ Kf7 56. Qa7+ Kg6 57. Qc5 Qd2 58. Bf3 Qf4 59. Kg2 Qg5+ 60. Kf1 Qf4 61. Qc3 Kf7 62. Qb3 Qd4 63. Qb7+ Kg6 64. Qc7 Qd3+ 65. Kg2 Qd4 66. Qg3+ Kf7 67. Qg5 g6 68. Kg1 Qa1+ 69. Kh2 Qd4 70. Kg2 Kg7 71. Kg3 Qc3 72. Qe3 Qxe3 73. fxe3 g5 74. e4 Nd7 75. Bg4 Ne5 76. Bf5 Kf6 77. d6 Kf7 78. Kf2 Kf6 79. Ke2 Nf7 80. d7 Ke7 81. Ke3 Ne5 82. Kd4 Nxd7 83. Bxd7 Kxd7 84. Ke5 g4 85. Kf4 Ke6 86. e5 g3 87. Kxg3 Kxe5 1/2-1/2

[Event "ETCC Open 2023"]
[Site "Budva"]
[Date "2023.11.17"]
[Round "6.54"]
[White "Stefansson, Hannes"]
[Black "Santos Latasa, Jaime"]
[Result "0-1"]
[WhiteElo "2518"]
[BlackElo "2635"]
[Annotator "TA"]
[PlyCount "80"]
[EventDate "2023.11.10"]
[EventType "team-tourn"]
[EventCountry "MNE"]
[SourceTitle "playchess.com"]
[Source "ChessBase"]
[SourceQuality "1"]
[WhiteTeam "Iceland"]
[BlackTeam "Spain"]
[WhiteTeamCountry "ISL"]
[BlackTeamCountry "ESP"]

1. Nf3 Nf6 2. c4 e6 3. g3 d5 4. Bg2 d4 5. e3 c5 6. exd4 cxd4 7. O-O Nc6 8. d3 Bd6 9. Bg5 h6 10. Bxf6 Qxf6 11. Nbd2 Qe7 12. Re1 O-O 13. a3 a5 14. Nb3 Qf6 15. Nfd2 Bc7 16. Nc5 Qe7 17. Na4 Bd7 18. Nb3 Ne5 19. Nbc5 Bc6 20. Bxc6 bxc6 21. b4 axb4 22. axb4 Bd6 23. b5 cxb5 24. cxb5 Ra5 25. b6 Bxc5 26. Rxe5 Bxb6 27. Rxa5 Bxa5 28. Qc2 Rb8 29. Qc4 Qd8 30. Rc1 Bd2 31. Rd1 Qa5 32. Nc5 Rb4 33. Nb3 Qa8 34. Qc2 Bc3 35. Nc5 Qa3 36. Ne4 Rb2 37. Qc1 f5 38. Nxc3 dxc3 39. Qe3 Qb3 40. Kg2 Kh7 0-1

[Event "ETCC Open 2023"]
[Site "Budva"]
[Date "2023.11.17"]
[Round "6.55"]
[White "Iturrizaga Bonelli, Eduardo"]
[Black "Stefansson, Vignir Vatnar"]
[Result "1-0"]
[WhiteElo "2621"]
[BlackElo "2483"]
[Annotator "TA"]
[PlyCount "228"]
[EventDate "2023.11.10"]
[EventType "team-tourn"]
[EventCountry "MNE"]
[SourceTitle "playchess.com"]
[Source "ChessBase"]
[SourceQuality "1"]
[WhiteTeam "Spain"]
[BlackTeam "Iceland"]
[WhiteTeamCountry "ESP"]
[BlackTeamCountry "ISL"]

1. c4 e6 2. Nc3 d5 3. d4 Nf6 4. cxd5 exd5 5. Bg5 c6 6. e3 Bd6 7. Bd3 O-O 8. Nf3 Be6 9. Qb3 b6 10. O-O Nbd7 11. Qc2 h6 12. Bf4 Qb8 13. Qd2 Nh5 14. Bxd6 Qxd6 15. Rac1 Nhf6 16. h3 Rac8 17. b3 Rfe8 18. Rc2 Qe7 19. Rfc1 c5 20. dxc5 Nxc5 21. Nd4 Nfe4 22. Nxe4 dxe4 23. Bb5 Bd7 24. Bf1 a5 25. a3 Qe5 26. b4 axb4 27. axb4 Ne6 28. Nxe6 Qxe6 29. Rxc8 Rxc8 30. Rxc8+ Bxc8 31. Qd8+ Kh7 32. Qc7 Bd7 33. Bc4 Qc6 34. Qxc6 Bxc6 35. Bxf7 g5 36. Bh5 Kg7 37. f4 exf3 38. gxf3 Kf6 39. Kg2 Ke5 40. Kg3 Bd7 41. Bf7 Bf5 42. h4 Kf6 43. Bb3 Ke5 44. Bc4 Bd7 45. Bf1 Kd5 46. Be2 Ke5 47. Bd3 Be6 48. Bb5 Bf5 49. Bc6 Kd6 50. Be8 Ke5 51. Bh5 Be6 52. Bg4 Bd5 53. hxg5 hxg5 54. Bc8 Bc4 55. Kg4 Be2 56. Bb7 Kf6 57. Be4 Bd1 58. Bb7 Be2 59. Bc6 Bd1 60. Kg3 Ke5 61. f4+ gxf4+ 62. exf4+ Kf5 63. Bf3 Bc2 64. Be2 Ke6 65. Bc4+ Kf5 66. Kf3 Be4+ 67. Ke3 Bc6 68. Bf1 Kg4 69. Bd3 Bb7 70. Be4 Bc8 71. Bc6 Kf5 72. Kf3 Ba6 73. Be4+ Kf6 74. Ke3 Bc4 75. Kd4 Be6 76. Bd3 Bf7 77. Bc4 Be8 78. Bf1 Kf5 79. Ke3 Bf7 80. Bh3+ Kf6 81. Kd4 Bg8 82. Bd7 Bf7 83. Bc6 Kf5 84. Ke3 Be6 85. Be4+ Kf6 86. Kd4 Bf7 87. Bc2 Bg8 88. Bb1 Bf7 89. Bd3 Be6 90. Bc4 Bd7 91. Bf1 Be6 92. Bd3 Bf7 93. Kc3 Be6 94. Kb2 Bf7 95. Ka3 Be6 96. Kb2 Bf7 97. Kc3 Be6 98. f5 Bf7 99. Kd4 Bb3 100. Bb1 Bg8 101. Be4 Bf7 102. Bd3 Bb3 103. Bc4 Ba4 104. Be6 Bc6 105. Bd5 Be8 106. Be6 Bc6 107. Bc8 Bf3 108. Bd7 Ke7 109. Be6 Kf6 110. Bd5 Bd1 111. Be4 Bb3 112. Bd3 Bf7 113. Bc4 Be8 114. Be6 Bc6 1-0

[Event "ETCC Open 2023"]
[Site "Budva"]
[Date "2023.11.17"]
[Round "6.56"]
[White "Heimisson, Hilmir Freyr"]
[Black "Yuffa, Daniil"]
[Result "0-1"]
[WhiteElo "2377"]
[BlackElo "2600"]
[Annotator "TA"]
[PlyCount "76"]
[EventDate "2023.11.10"]
[EventType "team-tourn"]
[EventCountry "MNE"]
[SourceTitle "playchess.com"]
[Source "ChessBase"]
[SourceQuality "1"]
[WhiteTeam "Iceland"]
[BlackTeam "Spain"]
[WhiteTeamCountry "ISL"]
[BlackTeamCountry "ESP"]

1. e4 c5 2. Nf3 d6 3. d4 cxd4 4. Nxd4 Nf6 5. Nc3 a6 6. Rg1 e5 7. Nb3 h5 8. Be3 Be6 9. h3 Nbd7 10. Qd2 b5 11. f3 Be7 12. O-O-O Nb6 13. Qf2 Nfd7 14. Kb1 Rc8 15. Nd5 Bxd5 16. exd5 Nc4 17. g4 Bh4 18. Qe2 Ndb6 19. Bc1 Na4 20. Ka1 hxg4 21. hxg4 g6 22. g5 Kf8 23. Rh1 Kg7 24. Qg2 Qb6 25. Qg4 Naxb2 26. Bxb2 Ne3 27. Qe4 Nxd1 28. Rxh4 Rxh4 29. Qxh4 Qg1 30. Qh6+ Kg8 31. Nd2 Ne3 32. Bc1 Nxc2+ 33. Kb1 Qd4 34. Nb3 Qd1 35. Qh3 Rc7 36. Kb2 Nd4 37. Be3 Rc2+ 38. Ka3 Rxa2+ 0-1

[Event "ETCC Open 2023"]
[Site "Budva"]
[Date "2023.11.17"]
[Round "6.61"]
[White "Paichadze, Luka"]
[Black "Saraci, Nderim"]
[Result "1-0"]
[WhiteElo "2501"]
[BlackElo "2466"]
[Annotator "RC"]
[PlyCount "55"]
[EventDate "2023.11.10"]
[EventType "team-tourn"]
[EventCountry "MNE"]
[SourceTitle "playchess.com"]
[Source "ChessBase"]
[SourceQuality "1"]
[WhiteTeam "Georgia"]
[BlackTeam "Kosovo"]
[WhiteTeamCountry "GEO"]
[BlackTeamCountry "KOS"]

1. e4 c5 2. Nf3 d6 3. d4 cxd4 4. Qxd4 Nc6 5. Bb5 Bd7 6. Qd3 g6 7. O-O Bg7 8. c4 Nf6 9. h3 O-O 10. Nc3 a6 11. Bxc6 Bxc6 12. Nd4 Nd7 13. Be3 Rc8 14. Rac1 Nc5 15. Qc2 Ne6 16. Nxe6 fxe6 17. Qb3 Bxc3 18. Qxc3 Bxe4 19. Bh6 Rf6 20. Rfe1 g5 21. Bxg5 Rg6 22. Rxe4 Rxg5 23. Rxe6 Qd7 24. Rce1 Re8 25. Qd2 Rg7 26. Qd5 Kh8 27. R1e4 Rg6 28. Rxg6 1-0

[Event "ETCC Open 2023"]
[Site "Budva"]
[Date "2023.11.17"]
[Round "6.62"]
[White "Uruci, Endrit"]
[Black "Mchedlishvili, Mikheil"]
[Result "0-1"]
[WhiteElo "2315"]
[BlackElo "2564"]
[Annotator "RC"]
[PlyCount "94"]
[EventDate "2023.11.10"]
[EventType "team-tourn"]
[EventCountry "MNE"]
[SourceTitle "playchess.com"]
[Source "ChessBase"]
[SourceQuality "1"]
[WhiteTeam "Kosovo"]
[BlackTeam "Georgia"]
[WhiteTeamCountry "KOS"]
[BlackTeamCountry "GEO"]

1. e4 c5 2. Nf3 e6 3. d4 cxd4 4. Nxd4 Nc6 5. c4 Bc5 6. Nb3 Be7 7. Nc3 Nf6 8. Bf4 e5 9. Be3 Bb4 10. Bd3 Bxc3+ 11. bxc3 d6 12. O-O O-O 13. a4 Be6 14. a5 Qc7 15. f3 Rfc8 16. Qc2 Nd7 17. Ra4 b6 18. Rfa1 Rab8 19. R4a3 h6 20. axb6 axb6 21. Ra4 Nd8 22. Bf1 Nb7 23. Rb4 Ra8 24. Qb1 Nbc5 25. Nxc5 bxc5 26. Rb5 Qc6 27. h4 Rxa1 28. Qxa1 Ra8 29. Ra5 Nb6 30. Rxa8+ Qxa8 31. Qd1 Qb8 32. Qb3 f6 33. Kh2 Kf7 34. Be2 Ke7 35. f4 Kd7 36. f5 Bf7 37. g4 Kc7 38. Qb5 Qa8 39. Bxc5 dxc5 40. Qxc5+ Qc6 41. Qf8 Bxc4 42. Bxc4 Qxc4 43. Qxg7+ Nd7 44. Qxh6 Qxe4 45. g5 Qf4+ 46. Kg1 e4 47. Qg7 e3 0-1

[Event "ETCC Open 2023"]
[Site "Budva"]
[Date "2023.11.17"]
[Round "6.63"]
[White "Jobava, Baadur"]
[Black "Asllani, Muhamet"]
[Result "1-0"]
[WhiteElo "2568"]
[BlackElo "2216"]
[Annotator "RC"]
[PlyCount "81"]
[EventDate "2023.11.10"]
[EventType "team-tourn"]
[EventCountry "MNE"]
[SourceTitle "playchess.com"]
[Source "ChessBase"]
[SourceQuality "1"]
[WhiteTeam "Georgia"]
[BlackTeam "Kosovo"]
[WhiteTeamCountry "GEO"]
[BlackTeamCountry "KOS"]

1. d4 d5 2. Bg5 Nf6 3. e3 c6 4. Nd2 Bg4 5. f3 Bf5 6. h4 h6 7. Bf4 e6 8. g4 Bh7 9. Bd3 Bd6 10. Ne2 Qc7 11. Bxh7 Rxh7 12. Bxd6 Qxd6 13. c3 Nbd7 14. Qc2 O-O-O 15. O-O-O Rhh8 16. g5 Ne8 17. g6 f6 18. e4 Nc7 19. Kb1 Kb8 20. h5 c5 21. f4 Qa6 22. c4 Qb6 23. exd5 exd5 24. Nb3 Rhe8 25. cxd5 cxd4 26. Rxd4 Nb5 27. Re4 a5 28. Rd1 Rc8 29. Rxe8 Rxe8 30. Ned4 Nd6 31. Nc6+ Ka8 32. Ncxa5 Rc8 33. Qe2 f5 34. Qe7 Nf6 35. Qxg7 Qf2 36. Rc1 Rxc1+ 37. Nxc1 Nfe4 38. Nab3 Nb5 39. Qf8+ Ka7 40. Qb4 Nbd6 41. g7 1-0

[Event "ETCC Open 2023"]
[Site "Budva"]
[Date "2023.11.17"]
[Round "6.64"]
[White "Saraci, Korab"]
[Black "Kacharava, Nikolozi"]
[Result "0-1"]
[WhiteElo "2200"]
[BlackElo "2519"]
[Annotator "RC"]
[PlyCount "76"]
[EventDate "2023.11.10"]
[EventType "team-tourn"]
[EventCountry "MNE"]
[SourceTitle "playchess.com"]
[Source "ChessBase"]
[SourceQuality "1"]
[WhiteTeam "Kosovo"]
[BlackTeam "Georgia"]
[WhiteTeamCountry "KOS"]
[BlackTeamCountry "GEO"]

1. e4 e5 2. Nf3 Nc6 3. Bc4 Bc5 4. d3 Nf6 5. c3 d6 6. a4 a5 7. O-O O-O 8. h3 Ba7 9. Re1 Be6 10. Na3 h6 11. Be3 Bxe3 12. Rxe3 Re8 13. Bb5 Bd7 14. Qb3 Nh5 15. d4 Nf4 16. Rd1 exd4 17. cxd4 Nb4 18. Bxd7 Qxd7 19. Nc2 Qc6 20. Nxb4 axb4 21. d5 Qxa4 22. Qxa4 Rxa4 23. Rc1 f5 24. g3 Nxh3+ 25. Kg2 Ng5 26. Nxg5 hxg5 27. exf5 Rxe3 28. fxe3 g4 29. Rc4 Kf7 30. Rxg4 c5 31. Rg6 c4 32. Rxd6 Ra2 33. Rd7+ Kf6 34. Rxb7 c3 35. Kf3 c2 36. Rc7 b3 37. d6 Ra1 38. g4 c1=Q 0-1

[Event "ETCC Open 2023"]
[Site "Budva"]
[Date "2023.11.17"]
[Round "6.65"]
[White "Pasko, Llambi"]
[Black "Kalezic, Blazo"]
[Result "1/2-1/2"]
[WhiteElo "2395"]
[BlackElo "2401"]
[Annotator "RC"]
[PlyCount "77"]
[EventDate "2023.11.10"]
[EventType "team-tourn"]
[EventCountry "MNE"]
[SourceTitle "playchess.com"]
[Source "ChessBase"]
[SourceQuality "1"]
[WhiteTeam "Albania"]
[BlackTeam "Montenegro"]
[WhiteTeamCountry "ALB"]
[BlackTeamCountry "MNE"]

1. d4 d5 2. c4 c6 3. Nf3 Nf6 4. e3 Bg4 5. Nc3 e6 6. Be2 Nbd7 7. O-O Be7 8. b3 O-O 9. Bb2 a6 10. h3 Bh5 11. Rc1 Rc8 12. a3 Re8 13. Nd2 Bg6 14. b4 b5 15. cxd5 cxd5 16. Nb3 Nb6 17. Nc5 Bxc5 18. dxc5 Nc4 19. Bxc4 dxc4 20. Qf3 Bd3 21. Rfd1 Qd7 22. Na4 Nd5 23. Qg3 f6 24. Nc3 e5 25. Nxd5 Qxd5 26. Bc3 Rc6 27. f3 Qe6 28. Rd2 a5 29. e4 a4 30. Re1 Rd8 31. f4 exf4 32. Qxf4 Re8 33. Qg3 Bxe4 34. Rd4 Qf5 35. Rd6 Rxd6 36. cxd6 Bc6 37. Rxe8+ Bxe8 38. Qe3 Bd7 39. Qd4 1/2-1/2

[Event "ETCC Open 2023"]
[Site "Budva"]
[Date "2023.11.17"]
[Round "6.66"]
[White "Draganic, Veljko"]
[Black "Mehmeti, Dritan"]
[Result "1/2-1/2"]
[WhiteElo "2294"]
[BlackElo "2377"]
[Annotator "RC"]
[PlyCount "137"]
[EventDate "2023.11.10"]
[EventType "team-tourn"]
[EventCountry "MNE"]
[SourceTitle "playchess.com"]
[Source "ChessBase"]
[SourceQuality "1"]
[WhiteTeam "Montenegro"]
[BlackTeam "Albania"]
[WhiteTeamCountry "MNE"]
[BlackTeamCountry "ALB"]

1. e4 e6 2. d4 d5 3. Nc3 Nf6 4. e5 Nfd7 5. f4 c5 6. Nf3 Nc6 7. Be3 Be7 8. Qd2 O-O 9. Be2 a6 10. O-O b5 11. Nd1 b4 12. c4 bxc3 13. bxc3 a5 14. Nf2 Ba6 15. Bxa6 Rxa6 16. f5 exf5 17. Qd3 Qc8 18. Nh3 g6 19. Bh6 Rd8 20. Nf4 Nf8 21. dxc5 Bxc5+ 22. Kh1 Ne7 23. Ng5 Ne6 24. Qh3 Nxg5 25. Bxg5 Rd7 26. Rad1 Rc6 27. Rd3 Qa6 28. Rfd1 h5 29. Qg3 Kh7 30. Qh4 Qc4 31. Bf6 Ng8 32. Rh3 Nxf6 33. exf6 Bd6 34. Rf3 Bxf4 35. Rxf4 Qxc3 36. Rxf5 Qe3 37. Rxh5+ gxh5 38. Qxh5+ Qh6 39. Qf5+ Qg6 40. Qh3+ Kg8 41. Qxd7 Rxf6 42. Qxd5 Qf5 43. h3 Kg7 44. Rd4 Qb1+ 45. Rd1 Qf5 46. Qd4 Qf2 47. a4 Qxd4 48. Rxd4 Rf1+ 49. Kh2 Ra1 50. g4 Ra3 51. Kg2 Kg6 52. Rf4 Kg7 53. g5 Kg6 54. h4 Kh5 55. Kf2 Rh3 56. Rf5 Kxh4 57. Rxa5 Ra3 58. Ke2 Kh5 59. Kd2 Kg6 60. Kc2 f5 61. gxf6 Kxf6 62. Kb2 Rh3 63. Rd5 Ke6 64. Rd1 Rg3 65. a5 Rg5 66. Ra1 Kd6 67. a6 Rg8 68. a7 Ra8 69. Kb3 1/2-1/2

[Event "ETCC Open 2023"]
[Site "Budva"]
[Date "2023.11.17"]
[Round "6.67"]
[White "Ashiku, Franc"]
[Black "Miletic, Vuk"]
[Result "*"]
[WhiteElo "2396"]
[BlackElo "2190"]
[Annotator "RC"]
[PlyCount "85"]
[EventDate "2023.11.10"]
[EventType "team-tourn"]
[EventCountry "MNE"]
[SourceTitle "playchess.com"]
[Source "ChessBase"]
[SourceQuality "1"]
[WhiteTeam "Albania"]
[BlackTeam "Montenegro"]
[WhiteTeamCountry "ALB"]
[BlackTeamCountry "MNE"]

1. d4 d5 2. c4 e6 3. Nf3 a6 4. g3 dxc4 5. Bg2 Nc6 6. O-O Rb8 7. Qc2 b5 8. b3 Nb4 9. Qd1 cxb3 10. Qxb3 Bb7 11. Bd2 Nc6 12. e3 Nf6 13. Rc1 Bd6 14. a4 b4 15. a5 O-O 16. Ne1 Ne7 17. Bxb7 Rxb7 18. Nd3 Qb8 19. Be1 Rb5 20. f3 Nd7 21. Nd2 e5 22. dxe5 Nxe5 23. Nxe5 Bxe5 24. Rab1 Bc3 25. Nc4 Bxe1 26. Rxe1 Rd8 27. e4 Nc6 28. Red1 h6 29. Rxd8+ Qxd8 30. Rd1 Qe7 31. Ne3 Rxa5 32. Nf5 Qc5+ 33. Kg2 Qc3 34. Qb1 b3 35. Rc1 Ra2+ 36. Kh3 Rc2 37. Rf1 Qd2 38. Qxb3 Qxh2+ 39. Kg4 Ne5+ 40. Kf4 Ng6+ 41. Kg4 Ne5+ 42. Kf4 Qd2+ 43. Qe3 *

[Event "ETCC Open 2023"]
[Site "Budva"]
[Date "2023.11.17"]
[Round "6.68"]
[White "Nikac, Predrag"]
[Black "Veleshnja, Zino"]
[Result "1-0"]
[WhiteElo "2296"]
[BlackElo "2269"]
[Annotator "RC"]
[PlyCount "113"]
[EventDate "2023.11.10"]
[EventType "team-tourn"]
[EventCountry "MNE"]
[SourceTitle "playchess.com"]
[Source "ChessBase"]
[SourceQuality "1"]
[WhiteTeam "Montenegro"]
[BlackTeam "Albania"]
[WhiteTeamCountry "MNE"]
[BlackTeamCountry "ALB"]

1. e4 e6 2. d4 d5 3. Nc3 Nf6 4. Bg5 dxe4 5. Nxe4 Be7 6. Bxf6 gxf6 7. Ne2 b6 8. Nf4 Bb7 9. Bb5+ Kf8 10. f3 f5 11. Nf2 Qd6 12. Qd2 Bg5 13. N2d3 Bh4+ 14. g3 Bg5 15. Qe3 Bxf4 16. Qxf4 Qxf4 17. Nxf4 Bxf3 18. Rf1 Be4 19. O-O-O c6 20. Be2 Nd7 21. Nd3 Rg8 22. Nf2 Ke7 23. Rde1 Nf6 24. Nxe4 fxe4 25. Rf4 Rad8 26. Ref1 Rg6 27. g4 h6 28. h4 Nd5 29. Rxf7+ Kd6 30. h5 Rgg8 31. c4 Nb4 32. R1f4 Nd3+ 33. Bxd3 exd3 34. Kd2 c5 35. R7f6 cxd4 36. Re4 Rdf8 37. Rexe6+ Kc5 38. Rc6+ Kb4 39. Rxf8 Rxf8 40. Rxh6 Kxc4 41. b3+ Kd5 42. Kxd3 Rf3+ 43. Ke2 Rg3 44. Rg6 Ke4 45. Kf2 Rf3+ 46. Kg2 Rf8 47. Rd6 d3 48. Kg3 Rf1 49. Re6+ Kd5 50. Re8 Rf6 51. Rd8+ Ke4 52. Kh4 Ke3 53. Kg5 Rf1 54. h6 d2 55. h7 Rh1 56. Kg6 Ke2 57. g5 1-0

[Event "ETCC Open 2023"]
[Site "Budva"]
[Date "2023.11.17"]
[Round "6.69"]
[White "Nielsen, Hogni Egilstoft"]
[Black "Tomic, Aleksandar"]
[Result "1/2-1/2"]
[WhiteElo "2387"]
[BlackElo "2411"]
[Annotator "RC"]
[PlyCount "124"]
[EventDate "2023.11.10"]
[EventType "team-tourn"]
[EventCountry "MNE"]
[SourceTitle "playchess.com"]
[Source "ChessBase"]
[SourceQuality "1"]
[WhiteTeam "Faroe Islands"]
[BlackTeam "Montenegro"]
[WhiteTeamCountry "FAI"]
[BlackTeamCountry "MNE"]

1. e4 e5 2. Nf3 Nc6 3. Bc4 Nf6 4. d3 h6 5. Nbd2 d6 6. c3 g5 7. h3 Bg7 8. Nf1 O-O 9. Ng3 Ne7 10. Nh2 Ng6 11. Ng4 Nf4 12. Nxf6+ Qxf6 13. Nh5 Qg6 14. Bxf4 exf4 15. g3 fxg3 16. Nxg3 Kh8 17. h4 g4 18. h5 Qg5 19. Qd2 Qxd2+ 20. Kxd2 f5 21. exf5 Bxf5 22. Rae1 Bd7 23. Rh2 Be5 24. d4 Bf4+ 25. Kd1 Rae8 26. Rxe8 Rxe8 27. Be2 c5 28. Rh1 cxd4 29. cxd4 Rc8 30. Bd3 Bc6 31. Ne4 Bd5 32. Ke2 Re8 33. f3 Bxa2 34. Kf2 d5 35. Nc3 Bb3 36. Ne2 Be3+ 37. Kg3 gxf3 38. Kxf3 Bg5 39. Bg6 Re3+ 40. Kf2 Re6 41. Rh3 Bc4 42. Bd3 Rb6 43. Bxc4 dxc4 44. Rc3 Rb4 45. Rc2 b5 46. Kf3 Rb3+ 47. Ke4 Rh3 48. Kd5 a6 49. Kc6 Rxh5 50. Ng3 Rh4 51. d5 Rf4 52. d6 Kg8 53. Re2 b4 54. Ne4 Bh4 55. Kd5 Kf7 56. Kxc4 Ke6 57. Kc5 Kf5 58. Kd5 Rf1 59. Rh2 Rd1+ 60. Kc6 Bd8 61. Nc5 Bg5 62. d7 a5 1/2-1/2

[Event "ETCC Open 2023"]
[Site "Budva"]
[Date "2023.11.17"]
[Round "6.70"]
[White "Sukovic, Andrej"]
[Black "Poulsen, Martin"]
[Result "1/2-1/2"]
[WhiteElo "2382"]
[BlackElo "2291"]
[Annotator "RC"]
[PlyCount "64"]
[EventDate "2023.11.10"]
[EventType "team-tourn"]
[EventCountry "MNE"]
[SourceTitle "playchess.com"]
[Source "ChessBase"]
[SourceQuality "1"]
[WhiteTeam "Montenegro"]
[BlackTeam "Faroe Islands"]
[WhiteTeamCountry "MNE"]
[BlackTeamCountry "FAI"]

1. c4 e6 2. g3 d5 3. Bg2 c6 4. Qc2 Nd7 5. Nf3 Bd6 6. d4 f5 7. cxd5 cxd5 8. O-O Ngf6 9. Nc3 Qb6 10. Na4 Qc6 11. Qxc6 bxc6 12. Bf4 Bxf4 13. gxf4 Ba6 14. Rfe1 Bb5 15. Nc3 Ba6 16. Rac1 Ke7 17. b3 Rhc8 18. Na4 Bb5 19. Nc5 Nxc5 20. Rxc5 Nd7 21. Rc2 a5 22. a4 Ba6 23. Rec1 Rab8 24. Bf1 Rxb3 25. Rxc6 Rxc6 26. Rxc6 Bb7 27. Rc2 Ba6 28. Rc6 Rb6 29. Rc7 Rb7 30. Rc6 Rb6 31. Rc7 Rb7 32. Rc6 Rb6 1/2-1/2